| 000 | 01252nam0a22003251 4500 | ||
|---|---|---|---|
| 001 | rc\2283751 | ||
| 005 | 20110829191821.5 | ||
| 035 | _a(NLR Aleph) 006562709 | ||
| 090 |
_a6860835 _c6860835 |
||
| 100 | _a20110829d1976 |||y0rusy50 ca | ||
| 101 | 0 | _arus | |
| 102 | _aRU | ||
| 105 | _aa z ||||| | ||
| 200 | 1 |
_aБиологическая продуктивность сосны в лесостепной зоне _fВ.И. Рубцов, А.И. Новосельцева, В.К. Попов, В.В. Рубцов _gАН СССР, Лаб. лесоведения |
|
| 210 |
_aМосква _cНаука _d1976 |
||
| 215 |
_a223 с. _cил. _d26 |
||
| 320 | _aСписок лит.: с. 213-221 | ||
| 606 |
_aСосновые леса _xБиологическая продуктивность _yЛесостепная зона СССР _2psbo |
||
| 686 |
_aП381.1-464 _2rubbk |
||
| 701 | 1 |
_aПопов _bВ. К. |
|
| 701 | 1 |
_aРубцов _bВ. В. |
|
| 701 | 1 |
_aНовосельцева _bА. И. |
|
| 701 | 1 |
_aРубцов _bВ. И. _gВасилий Иванович |
|
| 801 | 0 |
_aRU _bNLR _gpsbo |
|
| 801 | 1 |
_aRU _bELAR _2rusmarc |
|
| 852 |
_aNLR _j77-7/223 |
||
| 899 |
_aRuMoRGB _jБ 76-13/186 |
||
| 899 |
_aRuMoRGB _jБ 76-13/187 |
||
| 942 | _cBOOK | ||
| 980 | _aNB | ||